| 000 | 00906nam a22002297a 4500 | ||
|---|---|---|---|
| 005 | 20140318020003.0 | ||
| 008 | 120416s2010 ck a gr 00010 spa d | ||
| 020 | _a9789586601733 | ||
| 041 | 0 | _aspa | |
| 044 | _ack | ||
| 082 | 0 | 4 |
_a595.789 _bP981c |
| 245 | 0 | 0 |
_aCatálogo ilustrado de las mariposas de la reserva de la sociedad civil rogitama biodiversidad (Arcabuco, Boyacá-Colombia) / _cHannier W. Pulido-B ... [et al.]. |
| 260 |
_aTunja : _bUniversidad Pedagógica y Tecnológica de Colombia : _bCorporación Autónoma Regional de Boyacá, _c2010. |
||
| 300 |
_a112 p. : _bil. ; _c14 x 22 cm. |
||
| 504 | _aIncluye bibliografía. | ||
| 650 | 4 |
_aMariposas _z Arcabuco (Boyacá, Colombia) _9857 |
|
| 650 | 4 |
_aMariposas _x Clasificación. _9858 |
|
| 650 | 4 |
_aMariposas _x Fichas técnicas. _9859 |
|
| 700 | 1 |
_aPulido B., Hannier W. _9860 |
|
| 942 |
_2ddc _cIMPRESO _02 |
||
| 949 | _a | ||
| 999 |
_c7433 _d7433 |
||